| 000 | 00410nam a2200133 a 4500 | ||
|---|---|---|---|
| 001 | 000043494 | ||
| 005 | 20201002044820.0 | ||
| 008 | 140319s2015 000 spa d | ||
| 020 | _a9789945897036 | ||
| 040 |
_aDO-SdBNP _bspa _cBNPHU |
||
| 245 | 0 | _aGuía básica sobre procedimientos ante el Tribunal Constitucional. | |
| 260 |
_aSanto Domingo, : _bTribunal Constitucional, _c[2015]. |
||
| 300 |
_a16 p. ; _c14 cm. |
||
| 999 |
_c42983 _d42983 |
||